Study on the effect of coal mine to the surrounding soil properties of barapukuria dinajpur / (Record no. 16570)

MARC details
000 -LEADER
fixed length control field 01180nam a22002777a 4500
001 - CONTROL NUMBER
control field BD-DhSAU 9278
003 - CONTROL NUMBER IDENTIFIER
control field BD-DhSAU
005 - DATE AND TIME OF LATEST TRANSACTION
control field 20230206105255.0
008 - FIXED-LENGTH DATA ELEMENTS--GENERAL INFORMATION
fixed length control field 150613b2018 bg a|||| m||| 00| 0 eng d
040 ## - CATALOGING SOURCE
Original cataloging agency BD-DhSAU
082 ## - DEWEY DECIMAL CLASSIFICATION NUMBER
Edition number 22
Classification number 634.9
Item number Sa137
100 ## - MAIN ENTRY--PERSONAL NAME
Personal name SABIT, MD. HASAN
Relator term Registration No. # 18-09251
245 ## - TITLE STATEMENT
Title Study on the effect of coal mine to the<br/>surrounding soil properties of barapukuria <br/>dinajpur /<br/><br/>
Remainder of title MS thesis
260 ## - PUBLICATION, DISTRIBUTION, ETC. (IMPRINT)
Place of publication, distribution, etc. Sher-e-Bangla Agricultural University :
Name of publisher, distributor, etc. Department of Agroforestry And Environmental Science,
Date of publication, distribution, etc. 2020.
300 ## - PHYSICAL DESCRIPTION
Extent ix, 68p. :
Other physical details ill. ;
Dimensions 30 cm.
500 ## - GENERAL NOTE
General note MS thesis of Department of Agroforestry And Environmental Science, Faculty of Agriculture , Sher-e-Bangla Agricultural University, Dhaka, Bangladesh
504 ## - BIBLIOGRAPHY, ETC. NOTE
Bibliography, etc Includes bibliographical reference.
590 ## - Name of Cataloguer
Name of Cataloger Nazmul
650 ## - SUBJECT ADDED ENTRY--TOPICAL TERM
Topical term or geographic name as entry element coal mine
650 ## - SUBJECT ADDED ENTRY--TOPICAL TERM
Topical term or geographic name as entry element surrounding soil properties
651 ## - SUBJECT ADDED ENTRY--GEOGRAPHIC NAME
Geographic name barapukuria dinajpur
700 ## - ADDED ENTRY--PERSONAL NAME
Personal name Prof. Dr. Ferzana Islam
Relator term Superviser
700 ## - ADDED ENTRY--PERSONAL NAME
Personal name Md. Abu Zafur Al Munsur
Relator term Co-superviser
856 ## - ELECTRONIC LOCATION AND ACCESS
Uniform Resource Identifier <a href="http://archive.saulibrary.edu.bd:8080/xmlui/handle/123456789/4767">http://archive.saulibrary.edu.bd:8080/xmlui/handle/123456789/4767</a>
942 ## - ADDED ENTRY ELEMENTS (KOHA)
Source of classification or shelving scheme Dewey Decimal Classification
Koha item type MS Level Thesis
Holdings
Withdrawn status Lost status Source of classification or shelving scheme Damaged status Not for loan Collection code Home library Branch Name Date acquired Total Checkouts Full call number Barcode Date last seen Price effective from Koha item type
    Dewey Decimal Classification   Not For Loan Reference SAU Library SAU Library 06/02/2023   634.9 Sa137 44443 06/02/2023 06/02/2023 MS Level Thesis